00393nam a22001097a 4500008004100000040005500041080003000096245008400126260005200210300001000262650001100272230516b |||||||| |||| 00| 0 eng d aNational Science LibrarycNational Science Library a551.46:639.2(73)(047)bN2 aOur living oceans: bReport on the status of U.S. living marine resources, 1992 aWashington: bUS Department of Commerce, c1992 a148p. aReport